=LDR 00000nam 2200000 4500 =001 INLIS000000000012604 =005 20130612104117 =008 ***********************************Ind** =035 ##$$0010-061300000012604 =041 ##$$a Ind =082 ##$$a 387.544 =090 ##$$a 387.544, Ami h =100 ##$$a Amir, MS =245 ##$$a Hal Ihwal petikemas dan dokumen pengangkutan dan gabungan =260 ##$$a 1979 $b Jakarta =300 ##$$a 48 hlm., 18 cm =650 ##$$a Pengangkutan laut =850 ##$$a NBPNMAT